Normal view
MARC view
- كوافحة، تيسير مفلح مؤلف/عبد العزيز،عمرفواز م.مشارك
Entry Personal Name
001 - CONTROL NUMBER
- control field: 44577
003 - CONTROL NUMBER IDENTIFIER
- control field: JO-AjAnu
005 - DATE AND TIME OF LATEST TRANSACTION
- control field: 20230606081359.0
008 - FIXED-LENGTH DATA ELEMENTS
- fixed length control field: 230606|| aca||aabn | a|a d
040 ## - CATALOGING SOURCE
- Original cataloging agency: JO-AjAnu
- Transcribing agency: JO-AjAnu
100 ## - HEADING--PERSONAL NAME
- Personal name: كوافحة، تيسير مفلح مؤلف/عبد العزيز،عمرفواز م.مشارك
670 ## - SOURCE DATA FOUND
- Source citation: Work cat.: (JO-AjAnu)22826: كوافحة، تيسير مفلح مؤلف/عبد العزيز،عمرفواز م.مشارك, author, مقدمة في التربية الخاصة=Introduction Of Special Education